LEADER 03704oam 2200649I 450 001 9910461660603321 005 20200520144314.0 010 $a1-283-46161-7 010 $a9786613461612 010 $a0-203-13064-2 010 $a1-136-47501-X 024 7 $a10.4324/9780203130643 035 $a(CKB)2670000000161316 035 $a(EBL)957397 035 $a(OCoLC)798533080 035 $a(SSID)ssj0000647424 035 $a(PQKBManifestationID)11370983 035 $a(PQKBTitleCode)TC0000647424 035 $a(PQKBWorkID)10593871 035 $a(PQKB)10796248 035 $a(MiAaPQ)EBC957397 035 $a(Au-PeEL)EBL957397 035 $a(CaPaEBR)ebr10535019 035 $a(CaONFJC)MIL346161 035 $a(OCoLC)1000426949 035 $a(EXLCZ)992670000000161316 100 $a20180706d2012 uy 0 101 0 $aeng 135 $aur|n|---||||| 181 $ctxt 182 $cc 183 $acr 200 00$aReligion and change in modern Britain /$fedited by Linda Woodhead and Rebecca Catto 210 1$aAbingdon, Oxon ;$aNew York :$cRoutledge,$d2012. 215 $a1 online resource (425 p.) 300 $aDescription based upon print version of record. 311 $a0-415-57581-8 311 $a0-415-57580-X 320 $aIncludes bibliographical references and index. 327 $aReligion and Change in Modern Britain; Copyright; Contents; List of figures and tables; List of plates; Notes on contributors; Introduction; 1 Controversies as a lens on change; PART 1 Changing religious forms; 2 Christianity: loss of monopoly; Case study 1: The formation of the United Reformed Church; 3 Judaism, Sikhism, Islam, Hinduism and Buddhism: post-war settlements; Introduction; Judaism; Sikhism; Islam; Hinduism; Buddhism; Conclusion; Case study 2: The Inter Faith Network and the development of inter faith relations in Britain; 4 Alternative spiritualities: marginal and mainstream 327 $a5 God-changeCase study 3: The religiosity of young people growing up in poverty; 6 Changing British ritualization; Case study 4: Multi-faith spaces as symptoms and agents of change; Images of religion and change in modern Britain; PART 2 Wider influences; 7 The changing faces of media and religion; Case study 5: Religion, youth cultures and popular music; 8 Religion, welfare and education; Case study 6: The role of faith-based organizations in service provision for homeless people; 9 Religion, politics and law; Case study 7: Religion, human rights law and 'opting out' of religious education 327 $aPART 3 Theoretical perspectives10 Cultural perspectives; 11 Social perspectives; 12 The religious and the secular; Index 330 $aThis book offers a fully up-to-date and comprehensive guide to religion in Britain since 1945. A team of leading scholars provide a fresh analysis and overview, with a particular focus on diversity and change. They examine:relations between religious and secular beliefs and institutionsthe evolving role and status of the churches the growth and 'settlement' of non-Christian religious communitiesthe spread and diversification of alternative spiritualitiesreligion in welfare, education, media, politics and lawtheoretical persp 606 $aReligion 607 $aGreat Britain$xReligion$y20th century 607 $aGreat Britain$xReligion$y21st century 608 $aElectronic books. 615 0$aReligion. 676 $a200.941 701 $aCatto$b Rebecca$01037757 701 $aWoodhead$b Linda$0876540 801 0$bFlBoTFG 801 1$bFlBoTFG 906 $aBOOK 912 $a9910461660603321 996 $aReligion and change in modern Britain$92458916 997 $aUNINA LEADER 01807oam 2200469M 450 001 9910716484603321 005 20200213070928.1 035 $a(CKB)5470000002521296 035 $a(OCoLC)1065611685 035 $a(OCoLC)995470000002521296 035 $a(EXLCZ)995470000002521296 100 $a20071213d1927 ua 0 101 0 $aeng 135 $aurcn||||||||| 181 $ctxt$2rdacontent 182 $cc$2rdamedia 183 $acr$2rdacarrier 200 10$aTo amend Section 215 of Penal Code. February 22, 1927. -- Referred to the House Calendar and ordered to be printed 210 1$a[Washington, D.C.] :$c[U.S. Government Printing Office],$d1927. 215 $a1 online resource (4 pages) 225 1 $aHouse report / 69th Congress, 2nd session. House ;$vno. 2207 225 1 $a[United States congressional serial set] ;$v[serial no. 8689] 300 $aBatch processed record: Metadata reviewed, not verified. Some fields updated by batch processes. 300 $aFDLP item number not assigned. 606 $aCriminal law 606 $aLegislative amendments 606 $aLimitation of actions 606 $aPostal service$xLaw and legislation$zUnited States$xCriminal provisions 608 $aLegislative materials.$2lcgft 615 0$aCriminal law. 615 0$aLegislative amendments. 615 0$aLimitation of actions. 615 0$aPostal service$xLaw and legislation$xCriminal provisions. 701 $aDyer$b Leonidas Carstarphen$f1871-1957$pRepublican (MO)$01407694 801 0$bWYU 801 1$bWYU 801 2$bOCLCO 801 2$bOCLCQ 906 $aBOOK 912 $a9910716484603321 996 $aTo amend Section 215 of Penal Code. February 22, 1927. -- Referred to the House Calendar and ordered to be printed$93521396 997 $aUNINA